=LDR 00000nam 2200000 4500 =001 NUTBA000000000005678 =005 20141105135534.0 =006 =007 =008 =020 ##$$a 979.25.4406-2 =035 ##$$a 0010-111400000000157 =040 ##$$a NBPDMAT =082 ##$$a 658.31 =090 ##$$a 658.31 Syl m =100 ##$$a Sylvia Saraswati =245 ##$$a Menguasai Psikotes dalam sekejap$cSylvia Saraswati =250 ##$$a Cet. 1 =260 ##$$a Malang$bKarya Pustaka$c2012 =300 ##$$a 106 hlm$bilus$c21 cm =650 ##$$a Psikotes =850 ##$$a NBPDMAT